| 000 | 00730nam a22001577a 4500 | ||
|---|---|---|---|
| 003 | OSt | ||
| 005 | 20151006162403.0 | ||
| 008 | 151006b xxu||||| |||| 00| 0 eng d | ||
| 040 | _cRUA | ||
| 082 | _aAVM SOK 2006 B077 Or.1 | ||
| 100 |
_92212 _aSOK MUYTEANG |
||
| 245 | _aThe effect of using fermented corn on growing pigs at royal university of agriculture, (ឥទ្ធិពលនៃការប្រើប្រាស់ល្បើងពោតជាចំណីផ្សំលើការលូតលាស់ជ្រូកសាច់ នៅសាកលវិទ្យាល័យភូមិន្ទកសិកម្ម) | ||
| 260 |
_aphnom penh _brua _c2006 |
||
| 300 |
_aviii, 43p. _bill. _c29cm. |
||
| 942 |
_2ddc _cAVM |
||
| 999 |
_c2085 _d2085 |
||